[Event "Aberto do Brasil CONTAUD 2022"]
[Site "Cuiaba - MT - Brasil"]
[Date "2022.10.25"]
[Round "1.1"]
[White "Fier, Alexandr"]
[Black "Vargas, Roberto Carlos Melg"]
[Result "1-0"]
[WhiteElo "2592"]
[BlackElo "1683"]
[PlyCount "31"]
[EventDate "2022.10.25"]
[EventRounds "9"]
[EventCountry "BRA"]

1. e4 c5 2. Nc3 g6 3. d4 cxd4 4. Qxd4 Nf6 5. e5 Nc6 6. Qe3 Ng8 7. Nf3 d6 8. Bd2
Bh6 9. Qe2 Bxd2+ 10. Qxd2 dxe5 11. Qxd8+ Kxd8 12. O-O-O+ Bd7 13. Ng5 Nh6 14.
Bc4 e6 15. Nxf7+ Nxf7 16. Bxe6 1-0

[Event "Aberto do Brasil CONTAUD 2022"]
[Site "Cuiaba - MT - Brasil"]
[Date "2022.10.25"]
[Round "1.2"]
[White "Franco Filho, Sinvaldo Barreiros"]
[Black "Matsuura, Everaldo"]
[Result "0-1"]
[WhiteElo "1648"]
[BlackElo "2445"]
[PlyCount "50"]
[EventDate "2022.10.25"]
[EventRounds "9"]
[EventCountry "BRA"]

1. e4 c5 2. Nf3 d6 3. c3 Nf6 4. e5 dxe5 5. Nxe5 Nbd7 6. Nf3 e5 7. Bc4 Bd6 8. d4
cxd4 9. cxd4 e4 10. Qb3 exf3 11. Bxf7+ Kf8 12. O-O Qe7 13. Bc4 fxg2 14. Rd1 Nb6
15. Bd3 Bg4 16. Bf4 Bxf4 17. Nc3 Bxd1 18. Rxd1 g6 19. a4 Rd8 20. a5 Nbd5 21.
Na4 Kg7 22. Nc5 b6 23. axb6 axb6 24. Na6 Ng4 25. Bc4 Qh4 0-1

[Event "Aberto do Brasil CONTAUD 2022"]
[Site "Cuiaba - MT - Brasil"]
[Date "2022.10.25"]
[Round "1.4"]
[White "Bashtavenko, Aleksey"]
[Black "Hoffman, Alejandro"]
[Result "0-1"]
[WhiteElo "1614"]
[BlackElo "2378"]
[PlyCount "76"]
[EventDate "2022.10.25"]
[EventRounds "9"]
[EventCountry "BRA"]

1. d4 g6 2. c4 Bg7 3. Nc3 c5 4. d5 d6 5. Nf3 Nf6 6. e4 O-O 7. h3 e6 8. Be2 Na6
9. O-O Nc7 10. a4 e5 11. Ne1 Na6 12. Bg5 h6 13. Be3 Ne8 14. Nd3 Qe7 15. a5 f5
16. f3 f4 17. Bf2 g5 18. Be1 h5 19. Nf2 Rf6 20. Nb5 Rg6 21. Rb1 Nf6 22. b4 Nxb4
23. Bxb4 cxb4 24. Rxb4 a6 25. Nc3 Qc7 26. Qa1 g4 27. fxg4 hxg4 28. hxg4 Bxg4
29. Bxg4 Nxg4 30. Nd3 Ne3 31. Rf2 Bf6 32. Qa2 Qh7 33. Rbb2 Rh6 34. Rf3 Rh1+ 35.
Kf2 Qh2 36. Rxe3 Bh4+ 37. Kf3 Qg3+ 38. Ke2 Qxe3# 0-1

[Event "Aberto do Brasil CONTAUD 2022"]
[Site "Cuiaba - MT - Brasil"]
[Date "2022.10.25"]
[Round "1.5"]
[White "Rodi, Luis Ernesto"]
[Black "Carmo, Jose Arlindo"]
[Result "1-0"]
[WhiteElo "2312"]
[BlackElo "1604"]
[PlyCount "83"]
[EventDate "2022.10.25"]
[EventRounds "9"]
[EventCountry "BRA"]

1. e4 c5 2. Nf3 d6 3. d4 cxd4 4. Nxd4 Nf6 5. Nc3 Nc6 6. Be3 a6 7. f3 e5 8. Nb3
Be6 9. Qd2 Be7 10. O-O-O O-O 11. g4 a5 12. Bb5 Na7 13. Kb1 Nxb5 14. Nxb5 a4 15.
Nc1 Ne8 16. Nc3 Qa5 17. Nd5 Bxd5 18. Qxd5 b5 19. Bd2 Qa6 20. Bb4 Nc7 21. Qd3
Rfd8 22. Ne2 Ne6 23. Nc3 Rab8 24. Nd5 Bf8 25. h4 Rdc8 26. h5 Nd4 27. c3 Nc6 28.
g5 Na5 29. Bxa5 Qxa5 30. a3 Qd8 31. Rhg1 Kh8 32. f4 exf4 33. Qf3 Qe8 34. Qxf4
Qe5 35. Qxf7 Qxe4+ 36. Ka1 Qe8 37. Qf3 Rc5 38. Rge1 Qc6 39. h6 Qb7 40. Qf5 Qc8
41. Qf7 Rb7 42. hxg7+ 1-0

[Event "Aberto do Brasil CONTAUD 2022"]
[Site "Cuiaba - MT - Brasil"]
[Date "2022.10.25"]
[Round "1.6"]
[White "Cordeiro Silva, Marcos Antonio"]
[Black "Alboredo, Julia"]
[Result "0-1"]
[WhiteElo "1592"]
[BlackElo "2234"]
[PlyCount "50"]
[EventDate "2022.10.25"]
[EventRounds "9"]
[EventCountry "BRA"]

1. e4 c5 2. Nf3 Nc6 3. d4 cxd4 4. Nxd4 Nf6 5. Nc3 d6 6. Be3 Ng4 7. Bg5 h6 8.
Bh4 g5 9. Bg3 Bg7 10. Nxc6 bxc6 11. Be2 Ne5 12. a3 Rb8 13. Rb1 Qa5 14. O-O Be6
15. f4 gxf4 16. Rxf4 Ng6 17. Rf1 h5 18. Be1 Qe5 19. b4 h4 20. Kh1 h3 21. g3 O-O
22. Bg4 d5 23. exd5 cxd5 24. Bxe6 fxe6 25. Qd3 d4 0-1

[Event "Aberto do Brasil CONTAUD 2022"]
[Site "Cuiaba - MT - Brasil"]
[Date "2022.10.25"]
[Round "1.7"]
[White "Labussiere, Yago"]
[Black "Borensztajn, David"]
[Result "1-0"]
[WhiteElo "2213"]
[BlackElo "1570"]
[PlyCount "79"]
[EventDate "2022.10.25"]
[EventRounds "9"]
[EventCountry "BRA"]

1. d4 d5 2. c4 e6 3. Nc3 Nf6 4. cxd5 exd5 5. Bg5 Be7 6. e3 c6 7. Bd3 Nbd7 8.
Qc2 O-O 9. Nge2 Re8 10. O-O Nf8 11. Rae1 h6 12. Bh4 Nh5 13. Bxe7 Qxe7 14. a4 a5
15. Nc1 Nf6 16. f3 Qb4 17. N3a2 Qd6 18. Nb3 Ne6 19. Qc3 Qd8 20. Nac1 Bd7 21.
Bc2 c5 22. Nxc5 Nxc5 23. dxc5 Rc8 24. Qd2 Rxc5 25. Nb3 Rc4 26. Nd4 Qb6 27. b3
Rcc8 28. Bd3 g6 29. Rc1 Kg7 30. Rfe1 Bc6 31. Rb1 Ra8 32. Kf2 Qc7 33. Kg1 h5 34.
Rbc1 Qb6 35. Kf2 Qc7 36. Kg1 Qb6 37. Rc3 Nh7 38. Qb2 Ng5 39. Rxc6 bxc6 40. Nf5+
1-0

[Event "Aberto do Brasil CONTAUD 2022"]
[Site "Cuiaba - MT - Brasil"]
[Date "2022.10.25"]
[Round "1.8"]
[White "Pereira Fo, Hildebrando Apoloni"]
[Black "Paredes Lagos, Anthony Javier"]
[Result "0-1"]
[WhiteElo "1548"]
[BlackElo "2211"]
[PlyCount "104"]
[EventDate "2022.10.25"]
[EventRounds "9"]
[EventCountry "BRA"]

1. c4 c5 2. Nf3 g6 3. Nc3 Bg7 4. g3 b6 5. Bg2 Bb7 6. O-O d6 7. d4 cxd4 8. Nxd4
Bxg2 9. Kxg2 Nf6 10. e4 O-O 11. Be3 Qd7 12. f3 Qb7 13. Qd2 Re8 14. Nde2 Nbd7
15. Rac1 Rac8 16. b3 a6 17. Nf4 b5 18. Ncd5 bxc4 19. bxc4 e6 20. Rb1 Qc6 21.
Nb6 Nxb6 22. Rxb6 Qxc4 23. Rxd6 e5 24. Ne2 Qa4 25. Rc1 Rxc1 26. Nxc1 h5 27. Nb3
Rb8 28. Rd8+ Rxd8 29. Qxd8+ Kh7 30. Qd2 Qc4 31. Nc5 g5 32. Nd3 g4 33. Nxe5
gxf3+ 34. Nxf3 Qxe4 35. h3 Bf8 36. Kf2 Qf5 37. Kg2 Qe4 38. Kf2 Kg8 39. Ng5 Qc4
40. Qe2 Qa4 41. Qb2 Nd5 42. Qb3 Qxb3 43. axb3 Nxe3 44. Kxe3 Bh6 45. Kf4 f6 46.
h4 fxg5+ 47. hxg5 Bf8 48. g6 Be7 49. Kf5 Kg7 50. Ke6 Bb4 51. Kf5 Bd2 52. b4
Bxb4 0-1

[Event "Aberto do Brasil CONTAUD 2022"]
[Site "Cuiaba - MT - Brasil"]
[Date "2022.10.25"]
[Round "1.9"]
[White "Gauche, Charles"]
[Black "Romais, Rodrigo"]
[Result "1-0"]
[WhiteElo "2177"]
[BlackElo "1545"]
[PlyCount "57"]
[EventDate "2022.10.25"]
[EventRounds "9"]
[EventCountry "BRA"]

1. d4 Nf6 2. c4 g6 3. Nc3 Bg7 4. e4 d6 5. Be2 O-O 6. Bg5 c5 7. d5 Nbd7 8. Qd2
a6 9. h4 h5 10. f3 Ne5 11. g4 Nfxg4 12. fxg4 Nxg4 13. Nh3 Bd4 14. O-O-O Bd7 15.
Bxg4 Bxg4 16. Ne2 Bh8 17. Nf2 Bd7 18. Rdg1 b5 19. Bh6 bxc4 20. Bxf8 Kxf8 21.
Nd1 Ba4 22. Nec3 Qa5 23. Nxa4 Qxa4 24. Nc3 Qb4 25. Rg2 Rb8 26. Rf1 Bf6 27. e5
dxe5 28. d6 exd6 29. Rxf6 1-0

[Event "Aberto do Brasil CONTAUD 2022"]
[Site "Cuiaba - MT - Brasil"]
[Date "2022.10.25"]
[Round "1.10"]
[White "Gomes, Carlos"]
[Black "Pirola, Claudionor Alcides "]
[Result "0-1"]
[WhiteElo "1538"]
[BlackElo "2157"]
[PlyCount "78"]
[EventDate "2022.10.25"]
[EventRounds "9"]
[EventCountry "BRA"]

1. e4 c5 2. Nf3 Nc6 3. d4 cxd4 4. Nxd4 Nf6 5. Nc3 d6 6. Be2 g6 7. Be3 Bg7 8.
O-O O-O 9. h3 Bd7 10. Qe1 Nxe4 11. Nxc6 Bxc6 12. Nxe4 Bxe4 13. c3 Bc6 14. Qd2
Qa5 15. Bh6 Bxh6 16. Qxh6 Rac8 17. Rfd1 Qe5 18. Qd2 Rfe8 19. Re1 Qd5 20. Qxd5
Bxd5 21. Rac1 a6 22. c4 Be6 23. Rc3 Rc7 24. Rec1 Rec8 25. Bg4 Rxc4 26. Bxe6
Rxc3 27. Bxf7+ Kxf7 28. Rxc3 Rxc3 29. bxc3 Ke6 30. Kf1 Kd5 31. Ke2 Kc4 32. Kd2
e5 33. f3 b5 34. Kc2 d5 35. Kd2 a5 36. Kc2 h5 37. h4 d4 38. cxd4 Kxd4 39. g4
Ke3 0-1

[Event "Aberto do Brasil CONTAUD 2022"]
[Site "Cuiaba - MT - Brasil"]
[Date "2022.10.25"]
[Round "1.11"]
[White "Luz, Arthur Nader"]
[Black "Oliveira, Joao Victor Da Silv"]
[Result "1-0"]
[WhiteElo "2154"]
[BlackElo "1528"]
[PlyCount "29"]
[EventDate "2022.10.25"]
[EventRounds "9"]
[EventCountry "BRA"]

1. e4 c6 2. d4 d5 3. f3 dxe4 4. fxe4 e5 5. Nf3 Bg4 6. c3 Bxf3 7. Qxf3 exd4 8.
Bc4 Nf6 9. e5 Nd5 10. O-O Qc7 11. cxd4 Nd7 12. Bxd5 cxd5 13. Qxf7+ Kd8 14. Bg5+
Kc8 15. Qe8+ 1-0

[Event "Aberto do Brasil CONTAUD 2022"]
[Site "Cuiaba - MT - Brasil"]
[Date "2022.10.25"]
[Round "1.12"]
[White "Mello, Eduardo Dos Santos"]
[Black "Federzoni, Enzo"]
[Result "0-1"]
[WhiteElo "1502"]
[BlackElo "2139"]
[PlyCount "49"]
[EventDate "2022.10.25"]
[EventRounds "9"]
[EventCountry "BRA"]

1. d4 Nf6 2. Nf3 g6 3. c4 Bg7 4. Bf4 O-O 5. h3 d6 6. e3 Nbd7 7. Be2 b6 8. O-O
Bb7 9. Nc3 Ne4 10. Qc2 Nxc3 11. bxc3 e5 12. Bg5 f6 13. Bh4 g5 14. Bg3 f5 15.
dxe5 dxe5 16. Rad1 Qe7 17. Nd2 f4 18. Bh2 e4 19. exf4 gxf4 20. Nb3 f3 21. gxf3
exf3 22. Bd3 Qe6 23. Kh1 Qxh3 24. Rg1 Ne5 25. Rg3 0-1

[Event "Aberto do Brasil CONTAUD 2022"]
[Site "Cuiaba - MT - Brasil"]
[Date "2022.10.25"]
[Round "1.13"]
[White "Lima, Kleyton Alcantara"]
[Black "Volpato, Alzir"]
[Result "1-0"]
[WhiteElo "2109"]
[BlackElo "1501"]
[PlyCount "47"]
[EventDate "2022.10.25"]
[EventRounds "9"]
[EventCountry "BRA"]

1. e4 e5 2. Nf3 Nc6 3. Bb5 a6 4. Ba4 b5 5. Bb3 Bc5 6. O-O d6 7. h3 Be6 8. Bxe6
fxe6 9. c3 Nf6 10. d4 exd4 11. cxd4 Bb6 12. Nc3 h6 13. d5 exd5 14. Nxd5 Ba7 15.
Be3 Bxe3 16. fxe3 O-O 17. Nxf6+ Qxf6 18. Qd5+ Kh8 19. Qxc6 Qe7 20. Rac1 Ra7 21.
Nd4 Re8 22. Qd5 Qxe4 23. Rf8+ Kh7 24. Qg8+ 1-0

[Event "Aberto do Brasil CONTAUD 2022"]
[Site "Cuiaba - MT - Brasil"]
[Date "2022.10.25"]
[Round "1.14"]
[White "Mariano, Kaiki Pereira"]
[Black "Lima, Stefan Moisei Vieir"]
[Result "0-1"]
[WhiteElo "1480"]
[BlackElo "2051"]
[PlyCount "62"]
[EventDate "2022.10.25"]
[EventRounds "9"]
[EventCountry "BRA"]

1. d4 Nf6 2. c4 g6 3. Nc3 d5 4. Bf4 Bg7 5. e3 Bf5 6. Qb3 Nbd7 7. Qxb7 c5 8. Nb5
Qa5+ 9. Nc3 O-O 10. Qb5 Qxb5 11. Nxb5 cxd4 12. Nxd4 dxc4 13. Nxf5 gxf5 14. Bxc4
Rfc8 15. Bb3 Ne4 16. Bd5 Bxb2 17. Rd1 Rc2 18. Bxe4 Bc3+ 19. Kf1 fxe4 20. Ne2
Nc5 21. Nxc3 Rxc3 22. g4 Nd3 23. Rd2 Rac8 24. Kg2 R8c6 25. Bg3 a5 26. Rhd1 Rc2
27. f3 Nb2 28. Kf1 Nxd1 29. Rxd1 exf3 30. Be5 f6 31. Bd4 Rxh2 0-1

[Event "Aberto do Brasil CONTAUD 2022"]
[Site "Cuiaba - MT - Brasil"]
[Date "2022.10.25"]
[Round "1.15"]
[White "Oliveira, Leonardo Tadeu De A"]
[Black "Matsunaga, Lange Cristina"]
[Result "1-0"]
[WhiteElo "2037"]
[BlackElo "1475"]
[PlyCount "61"]
[EventDate "2022.10.25"]
[EventRounds "9"]
[EventCountry "BRA"]

1. e4 e5 2. Nf3 Nc6 3. Bb5 d6 4. d4 exd4 5. Nxd4 Bd7 6. O-O Nxd4 7. Bxd7+ Qxd7
8. Qxd4 Nf6 9. c4 c5 10. Qd3 Be7 11. Nc3 O-O 12. Bg5 Rad8 13. Rad1 Qg4 14. Be3
Rfe8 15. f4 a6 16. Rf3 b5 17. cxb5 axb5 18. Qxb5 Rb8 19. Qe2 Rb4 20. e5 dxe5
21. fxe5 Ne4 22. Nd5 Rb7 23. Nxe7+ Rbxe7 24. Qc4 h5 25. h3 Qg6 26. Bf4 Kh8 27.
a4 f6 28. a5 Ra7 29. Ra3 Rb8 30. a6 Rxb2 31. Rd8+ 1-0

[Event "Aberto do Brasil CONTAUD 2022"]
[Site "Cuiaba - MT - Brasil"]
[Date "2022.10.25"]
[Round "1.16"]
[White "Moraes Silva, Natasha Alejandra"]
[Black "Souza Dos Santos, Matheus Garcett"]
[Result "0-1"]
[WhiteElo "1469"]
[BlackElo "1990"]
[PlyCount "36"]
[EventDate "2022.10.25"]
[EventRounds "9"]
[EventCountry "BRA"]

1. e4 c5 2. c3 d6 3. d4 Qc7 4. d5 g6 5. h3 Bg7 6. Nf3 Nf6 7. Qc2 O-O 8. c4 e6
9. Bd3 Re8 10. O-O a6 11. Nc3 exd5 12. exd5 Nbd7 13. Bf4 Nh5 14. Bh2 Ne5 15.
Bxe5 dxe5 16. Rfe1 f5 17. Nh2 e4 18. f3 Bd4+ 0-1

[Event "Aberto do Brasil CONTAUD 2022"]
[Site "Cuiaba - MT - Brasil"]
[Date "2022.10.25"]
[Round "1.17"]
[White "Ramos, Angelo Bil"]
[Black "Paniago, Lucio Erloiny Silva"]
[Result "1/2-1/2"]
[WhiteElo "1970"]
[BlackElo "1468"]
[PlyCount "146"]
[EventDate "2022.10.25"]
[EventRounds "9"]
[EventCountry "BRA"]

1. e4 c5 2. Nf3 d6 3. c3 Nc6 4. d4 cxd4 5. cxd4 e6 6. Nc3 Nf6 7. Be2 Be7 8. O-O
O-O 9. h3 b6 10. Be3 Bb7 11. Rc1 Qd7 12. Bd3 e5 13. Qe2 Bd8 14. Rfd1 Qe7 15. d5
Nb8 16. b4 Ne8 17. g4 a6 18. a4 Nd7 19. Kh2 Kh8 20. Rg1 g6 21. Nd2 g5 22. Nf1
f6 23. Ng3 Ng7 24. Rh1 a5 25. bxa5 Rxa5 26. Bb5 Nc5 27. Rb1 Bc8 28. Bd2 Bd7 29.
Kg2 Nxa4 30. Bxd7 Qxd7 31. Nd1 Ra7 32. Ne3 Nc5 33. Nef5 Nxf5 34. Nxf5 Ra3 35.
Ra1 Qa4 36. Rxa3 Qxa3 37. Nxd6 Nb3 38. Qd3 Qxd6 39. Qxb3 Rf7 40. Ra1 Kg7 41.
Ra6 Rb7 42. Be3 Kg6 43. Qb5 Qc7 44. Qe8+ Kg7 45. Ra8 Rb8 46. Ra1 Be7 47. Qc6
Qxc6 48. dxc6 Rc8 49. Ra7 Kf8 50. c7 Ke8 51. Bxb6 Kd7 52. Ra1 Bd6 53. Rd1 Ke7
54. Rc1 Kd7 55. Kf3 Bxc7 56. Be3 Bd6 57. Rxc8 Kxc8 58. Ke2 Kc7 59. Kd3 Kc6 60.
Kc4 Be7 61. f3 h6 62. Bf2 Bd6 63. Ba7 Be7 64. Bf2 Bd6 65. h4 Bf8 66. h5 Bd6 67.
Ba7 Be7 68. Bb8 Bf8 69. Ba7 Bd6 70. Be3 Be7 71. Bd2 Bd6 72. Be3 Bf8 73. Ba7 Be7
1/2-1/2

[Event "Aberto do Brasil CONTAUD 2022"]
[Site "Cuiaba - MT - Brasil"]
[Date "2022.10.25"]
[Round "1.18"]
[White "Freitas, Mauricio Mathioli"]
[Black "Lopes, Marcelo Ferreira"]
[Result "1/2-1/2"]
[WhiteElo "1445"]
[BlackElo "1963"]
[PlyCount "38"]
[EventDate "2022.10.25"]
[EventRounds "9"]
[EventCountry "BRA"]

1. d4 d5 2. c4 e6 3. Nc3 Nf6 4. cxd5 exd5 5. Bg5 Be7 6. e3 O-O 7. Bd3 Nbd7 8.
Nge2 c6 9. O-O h6 10. Bh4 Ne4 11. Bxe7 Qxe7 12. Nxe4 dxe4 13. Bc4 Nb6 14. Bb3
Be6 15. Nf4 Bxb3 16. Qxb3 Rfd8 17. Ng6 Qd6 18. Ne5 Qd5 19. Qb4 Qd6 1/2-1/2

[Event "Aberto do Brasil CONTAUD 2022"]
[Site "Cuiaba - MT - Brasil"]
[Date "2022.10.25"]
[Round "1.19"]
[White "Pires, Washington Gabriel"]
[Black "Pimentel, Lucas Dos Santos"]
[Result "0-1"]
[WhiteElo "1921"]
[BlackElo "1391"]
[PlyCount "56"]
[EventDate "2022.10.25"]
[EventRounds "9"]
[EventCountry "BRA"]

1. d4 d5 2. Nf3 Nf6 3. Bg5 e6 4. e3 Be7 5. Bd3 h6 6. Bh4 O-O 7. c3 c5 8. Bxf6
Bxf6 9. dxc5 Nd7 10. Nbd2 Nxc5 11. Bc2 Qb6 12. Rb1 Qa6 13. Nb3 Nxb3 14. axb3
Bd7 15. Ra1 Qb6 16. Qd3 g6 17. O-O Bb5 18. c4 Ba6 19. e4 Qc6 20. e5 Bg7 21. Nd4
dxc4 22. bxc4 Qxc4 23. Qe4 Rfd8 24. Rfd1 Rac8 25. Rac1 Qd5 26. Qxd5 Rxd5 27. f4
Bf8 28. Nb3 Rxc2 0-1

[Event "Aberto do Brasil CONTAUD 2022"]
[Site "Cuiaba - MT - Brasil"]
[Date "2022.10.25"]
[Round "1.20"]
[White "De Souza, Eliel Martins"]
[Black "De Oliveira, Yuri Garcia"]
[Result "0-1"]
[WhiteElo "1382"]
[BlackElo "1899"]
[PlyCount "88"]
[EventDate "2022.10.25"]
[EventRounds "9"]
[EventCountry "BRA"]

1. e4 c5 2. Nf3 d6 3. c3 Nf6 4. e5 dxe5 5. Nxe5 e6 6. Bb5+ Nbd7 7. Nxd7 Bxd7 8.
Bxd7+ Qxd7 9. O-O Rd8 10. Na3 Be7 11. Nc2 c4 12. Ne3 b5 13. a4 a6 14. axb5 axb5
15. Re1 O-O 16. b3 cxb3 17. Qxb3 Rb8 18. d4 b4 19. Nc2 bxc3 20. Qxc3 Rfc8 21.
Qd2 Qc6 22. Ne3 Bb4 23. Qe2 Bxe1 24. Qxe1 Nd5 25. Nxd5 Qxd5 26. Be3 h6 27. h3
Rb2 28. Qa5 Rb1+ 29. Kh2 Qd6+ 30. g3 Rxa1 31. Qxa1 Qd5 32. Qg1 Kf8 33. Qg2
Qxg2+ 34. Kxg2 Ke7 35. Kf3 Kd6 36. Ke4 f5+ 37. Kd3 g5 38. f4 g4 39. h4 Kd5 40.
Bf2 Ra8 41. Be1 Ra4 42. Bc3 Ra3 43. Kc2 Kc4 44. Bb2 Rxg3 0-1

[Event "Aberto do Brasil CONTAUD 2022"]
[Site "Cuiaba - MT - Brasil"]
[Date "2022.10.25"]
[Round "1.21"]
[White "Kazuhiro Shikasho, Erik"]
[Black "Viana, Paulo Vitor Monteir"]
[Result "1-0"]
[WhiteElo "1895"]
[BlackElo "1371"]
[PlyCount "65"]
[EventDate "2022.10.25"]
[EventRounds "9"]
[EventCountry "BRA"]

1. e4 e5 2. Nf3 Nc6 3. Bb5 d6 4. c3 Nf6 5. d3 g6 6. Bg5 Bg7 7. h3 O-O 8. O-O a6
9. Ba4 Be6 10. d4 exd4 11. cxd4 Ne7 12. d5 Bd7 13. Bc2 Re8 14. Nc3 Qc8 15. Re1
h6 16. Be3 Kh7 17. Nd4 c6 18. dxc6 Nxc6 19. Rc1 b5 20. Bb3 Rf8 21. Nd5 Qb7 22.
Nxc6 Bxc6 23. Nxf6+ Bxf6 24. Qxd6 Bxe4 25. Qxf6 Bxg2 26. Qh4 Bh1 27. Qxh6+ Kg8
28. Qxg6+ Kh8 29. Bd4+ f6 30. Bxf6+ Rxf6 31. Qxf6+ Qg7+ 32. Qxg7+ Kxg7 33. Kxh1
1-0

[Event "Aberto do Brasil CONTAUD 2022"]
[Site "Cuiaba - MT - Brasil"]
[Date "2022.10.25"]
[Round "1.22"]
[White "Ferreira E Silva, Afranio Marcio"]
[Black "Lima, Carlos Eduardo I De"]
[Result "0-1"]
[WhiteElo "1359"]
[BlackElo "1889"]
[PlyCount "84"]
[EventDate "2022.10.25"]
[EventRounds "9"]
[EventCountry "BRA"]

1. e4 e6 2. Nf3 d5 3. e5 c5 4. c3 Nc6 5. Bb5 Qb6 6. Ba4 Bd7 7. O-O Nge7 8. d4
cxd4 9. Nxd4 Nxe5 10. Bxd7+ Nxd7 11. b3 a6 12. Be3 Qc7 13. Qh5 Nf6 14. Nxe6 Qd6
15. Nxg7+ Bxg7 16. Qe2 O-O-O 17. Nd2 h5 18. Rfd1 Ng4 19. Nf3 Qe6 20. Ng5 Qf5
21. Qf3 Qxf3 22. Nxf3 Nxe3 23. fxe3 Bh6 24. Kf2 Nf5 25. Ne5 Nxe3 26. Rd3 Rhe8
27. Nf3 Ng4+ 28. Kf1 Re4 29. Rd4 Re6 30. h3 Ne3+ 31. Kf2 Nc2 32. Rad1 Nxd4 33.
Nxd4 Be3+ 34. Kf3 Bxd4 35. Rxd4 Rf6+ 36. Kg3 Rg8+ 37. Kh4 Rxg2 38. Rxd5 Rf3 39.
Rg5 Rxg5 40. Kxg5 Rxh3 41. c4 Rg3+ 42. Kh4 Rg8 0-1

[Event "Aberto do Brasil CONTAUD 2022"]
[Site "Cuiaba - MT - Brasil"]
[Date "2022.10.25"]
[Round "1.23"]
[White "Andrade, Guilherme A. De Sou"]
[Black "Almeida, Bianca Martins"]
[Result "1-0"]
[WhiteElo "1887"]
[BlackElo "1349"]
[PlyCount "95"]
[EventDate "2022.10.25"]
[EventRounds "9"]
[EventCountry "BRA"]

1. e4 e5 2. Nf3 Nc6 3. Bb5 Nge7 4. O-O d5 5. Nxe5 dxe4 6. Nc3 Qd6 7. Nxc6 Nxc6
8. Nxe4 Qg6 9. Re1 Bd7 10. Nf6+ Kd8 11. Nxd7 Kxd7 12. d4 Rd8 13. Bd3 f5 14. Qf3
Nxd4 15. Qxb7 Bd6 16. Qd5 Qf6 17. c3 c6 18. Qxd4 Qxd4 19. Bxf5+ Kc7 20. cxd4 g6
21. Bh3 Rhe8 22. Bd2 Bf8 23. Ba5+ Kb7 24. Bxd8 Rxd8 25. Rad1 a5 26. g3 Kb6 27.
Re6 a4 28. d5 Rd6 29. Rxd6 Bxd6 30. dxc6 Kxc6 31. Rxd6+ Kxd6 32. Kf1 Ke5 33.
Ke2 g5 34. Ke3 h5 35. Bd7 g4 36. Bxa4 h4 37. gxh4 g3 38. hxg3 Ke6 39. b4 Ke7
40. h5 Kf8 41. b5 Kg7 42. b6 Kh6 43. b7 Kg5 44. b8=Q Kg4 45. Qf4+ Kh3 46. Qh4+
Kg2 47. Bc6+ Kg1 48. Qh1# 1-0

[Event "Aberto do Brasil CONTAUD 2022"]
[Site "Cuiaba - MT - Brasil"]
[Date "2022.10.25"]
[Round "1.24"]
[White "Belina, Jose Carlos Fernand"]
[Black "Felicio, Leonardo Demetrio D"]
[Result "0-1"]
[WhiteElo "1348"]
[BlackElo "1880"]
[PlyCount "90"]
[EventDate "2022.10.25"]
[EventRounds "9"]
[EventCountry "BRA"]

1. e4 c5 2. Nf3 g6 3. d4 cxd4 4. Nxd4 Bg7 5. c4 Nc6 6. Be3 Nf6 7. Nc3 O-O 8.
Be2 d6 9. O-O Bd7 10. Rc1 Nxd4 11. Bxd4 Bc6 12. f3 a6 13. a3 Qa5 14. Rb1 Ne8
15. b4 Bxd4+ 16. Qxd4 Qxa3 17. Bd1 a5 18. b5 e5 19. Qb6 Qxc3 20. bxc6 bxc6 21.
Qxc6 Qd4+ 22. Kh1 Ng7 23. Qd5 Ne6 24. Ba4 Qxd5 25. cxd5 Nc5 26. Ra1 Nxa4 27.
Rxa4 Rfc8 28. Rb1 Rab8 29. Rxb8 Rxb8 30. Kg1 Rb5 31. Kf2 Kf8 32. Ke3 Ke7 33. g3
Kd7 34. Kd3 Kc7 35. f4 f6 36. Rc4+ Rc5 37. Ra4 Kb6 38. Ra1 Rb5 39. Rc1 Ka6 40.
Rc8 Rb6 41. Rc1 a4 42. Kc4 Ka5 43. Ra1 Rb2 44. fxe5 fxe5 45. h4 Rb4+ 0-1

[Event "Aberto do Brasil CONTAUD 2022"]
[Site "Cuiaba - MT - Brasil"]
[Date "2022.10.25"]
[Round "1.25"]
[White "Moyses Sobrinho, Elias"]
[Black "Da Silva, Debora Oliveira Lop"]
[Result "1-0"]
[WhiteElo "1848"]
[BlackElo "1332"]
[PlyCount "87"]
[EventDate "2022.10.25"]
[EventRounds "9"]
[EventCountry "BRA"]

1. d4 d5 2. c4 e6 3. Nf3 Nf6 4. Nc3 b6 5. cxd5 Nxd5 6. e4 Nxc3 7. bxc3 Bb7 8.
Bb5+ c6 9. Bc4 Be7 10. O-O O-O 11. Be3 Nd7 12. Qc2 c5 13. d5 exd5 14. Bxd5 Bxd5
15. exd5 Nf6 16. c4 Bd6 17. a4 Re8 18. h3 Qc8 19. Rfe1 Rb8 20. Bg5 Nd7 21. Qf5
Ne5 22. Qxc8 Rbxc8 23. Nxe5 Bxe5 24. Rab1 f6 25. Be3 Bc3 26. Red1 Rcd8 27. Rd3
Be5 28. a5 Rb8 29. f4 Bd6 30. axb6 axb6 31. Rdb3 Bc7 32. g3 Re4 33. Bxc5 Rxc4
34. Bxb6 Bxb6+ 35. Rxb6 Rxb6 36. Rxb6 Rd4 37. d6 Kf8 38. Kf2 h6 39. f5 Kf7 40.
Rb7+ Kf8 41. d7 Ke7 42. d8=Q+ Kxd8 43. Rxg7 Rd7 44. Rg6 1-0

[Event "Aberto do Brasil CONTAUD 2022"]
[Site "Cuiaba - MT - Brasil"]
[Date "2022.10.25"]
[Round "1.26"]
[White "Born, Ary"]
[Black "Duailibi, Ricardo Miguel"]
[Result "0-1"]
[WhiteElo "1248"]
[BlackElo "1832"]
[PlyCount "74"]
[EventDate "2022.10.25"]
[EventRounds "9"]
[EventCountry "BRA"]

1. e4 c5 2. c3 d5 3. e5 Bf5 4. Nf3 Nc6 5. Bb5 e6 6. O-O a6 7. Be2 f6 8. d4 Qb6
9. Nbd2 cxd4 10. cxd4 Nxd4 11. Nxd4 Qxd4 12. Nb3 Qxd1 13. Rxd1 fxe5 14. f4 Bd6
15. Be3 exf4 16. Bb6 Bc2 17. Rd2 Bxb3 18. axb3 Nf6 19. Bb5+ Ke7 20. Bd3 Rac8
21. h3 Bc5+ 22. Bxc5+ Rxc5 23. b4 Rc7 24. b5 axb5 25. Bxb5 Rhc8 26. Ra7 Ne4 27.
Rd3 Rc1+ 28. Kh2 Nf2 29. Rxb7+ Kf6 30. g3 Nxd3 31. Bxd3 R8c2+ 32. Bxc2 Rxc2+
33. Kg1 fxg3 34. h4 d4 35. b4 d3 36. Rd7 d2 37. Kg2 d1=Q+ 0-1

[Event "Aberto do Brasil CONTAUD 2022"]
[Site "Cuiaba - MT - Brasil"]
[Date "2022.10.25"]
[Round "1.27"]
[White "Assad, Leonardo Vaz De Fig"]
[Black "Colombo, Sahimon Jonathan"]
[Result "1-0"]
[WhiteElo "1761"]
[BlackElo "1800"]
[PlyCount "135"]
[EventDate "2022.10.25"]
[EventRounds "9"]
[EventCountry "BRA"]

1. c4 c5 2. Nf3 Nc6 3. g3 d6 4. d4 cxd4 5. Nxd4 e5 6. Nc2 Nf6 7. Nc3 Bf5 8. Ne3
Bg6 9. Bg2 Rb8 10. O-O Be7 11. Ned5 O-O 12. e3 a6 13. b3 Re8 14. Nxe7+ Nxe7 15.
e4 b5 16. cxb5 axb5 17. Bg5 b4 18. Bxf6 bxc3 19. Bxe7 Rxe7 20. Qd3 Rc7 21. Rfc1
Rbc8 22. Bh3 Rb8 23. Rxc3 Rb4 24. f3 h6 25. Rac1 Rxc3 26. Qxc3 Qb6+ 27. Kg2 Rd4
28. a4 Kh7 29. Bd7 Qa6 30. Bb5 Qb6 31. Bc4 f5 32. Bd5 fxe4 33. fxe4 Bxe4+ 34.
Bxe4+ Rxe4 35. Qd3 Qe3 36. Qxe3 Rxe3 37. Rb1 e4 38. Kf2 Rf3+ 39. Ke2 d5 40. a5
d4 41. a6 d3+ 42. Kd2 Rf2+ 43. Kc3 Rc2+ 44. Kd4 d2 45. Rd1 Ra2 46. Kxe4 Rxa6
47. Rxd2 Rb6 48. Rb2 Kg6 49. Kd5 Kf5 50. Kc5 Rb8 51. b4 Ke6 52. Rd2 Rc8+ 53.
Kb5 Rb8+ 54. Kc4 Rc8+ 55. Kb3 Rb8 56. Rd4 Ke5 57. Rf4 g5 58. Rc4 Kd5 59. Rc5+
Kd6 60. Kc4 Rb6 61. b5 Ke6 62. Rc6+ Rxc6+ 63. bxc6 Kd6 64. Kb5 Kc7 65. g4 Kc8
66. Kc5 Kc7 67. Kd5 Kc8 68. Kd6 1-0